| 000 | 00352nam a22001217a 4500 | ||
|---|---|---|---|
| 082 | _aPRO 220 | ||
| 100 |
_aIJLAL AHMED AAMIR SAEED _970865 |
||
| 245 | _aPR-SOF-1549-HUMAN RECOGNITION USING VIDEO ANALYTICS | ||
| 260 |
_aISLAMABAD _bNUST COLLEGE OF EME _c2016 |
||
| 650 |
_a DE-COMP-34 _970866 |
||
| 700 |
_aSUPERVISOR DR ALI HASSAN _969910 |
||
| 942 | _cCR | ||
| 999 |
_c577691 _d577691 |
||